[Event "SVK-ch I/123 corr"]
[Site "Slovakia"]
[Date "1996.??.??"]
[Round "?"]
[White "Gabris, Vladimir"]
[Black "Gurcik, Jozef"]
[Result "1-0"]
[WhiteElo "1602"]
[BlackElo "1658"]
[PlyCount "67"]
[EventDate "1996.11.15"]
[EventType "tourn (corr)"]
[EventRounds "12"]
[EventCountry "SVK"]
[SourceTitle "Corr 2008"]
[Source "ChessBase"]
[SourceDate "2008.06.24"]
[SourceVersion "1"]
[SourceVersionDate "2008.06.24"]
[SourceQuality "1"]

1. e4 g6 2. d4 Bg7 3. Nc3 d6 4. Be3 Nf6 5. Be2 0-0 6. Nf3 Ng4 7. Bg5 h6 8. Bh4 Nc6 9. 0-0 a6 10. Nd5 Nf6 11. Nxf6+ Bxf6 12. Bxf6 exf6 13. Qd2 Kg7 14. d5 Ne7 15. c4 g5 16. Rac1 b6 17. Nd4 Bd7 18. Qc3 Ng6 19. f3 Qe7 20. Bd3 Qe5 21. a3 Nf4 22. Rfe1 Rfe8 23. Bc2 Rac8 24. b4 c5 25. dxc6 Bxc6 26. Nf5+ Kg6 27. Qd2 Rcd8 28. Qe3 Rb8 29. Red1 Re6 30. Nd4 Bd7 31. Nxe6 Bxe6 32. g3 Nh5 33. Bb3 f5 34. h3 1-0

[Event "SVK-ch I/123 corr"]
[Site "Slovakia"]
[Date "1996.??.??"]
[Round "?"]
[White "Gurcik, Jozef"]
[Black "Skerlik, Vladimir"]
[Result "1/2-1/2"]
[WhiteElo "1658"]
[BlackElo "1723"]
[PlyCount "79"]
[EventDate "1996.11.15"]
[EventType "tourn (corr)"]
[EventRounds "12"]
[EventCountry "SVK"]
[SourceTitle "Corr 2008"]
[Source "ChessBase"]
[SourceDate "2008.06.24"]
[SourceVersion "1"]
[SourceVersionDate "2008.06.24"]
[SourceQuality "1"]

1. d4 Nf6 2. c4 g6 3. Nc3 Bg7 4. e4 d6 5. Nf3 0-0 6. Be2 e5 7. 0-0 Nc6 8. d5 Ne7 9. h3 Nh5 10. Nh2 Nf4 11. Be3 f5 12. f3 Bh6 13. Kh1 Bg5 14. Qd2 Nxe2 15. Nxe2 Bxe3 16. Qxe3 f4 17. Qf2 b6 18. Rac1 Bb7 19. Rg1 Kh8 20. Qh4 Ng8 21. Qxd8 Raxd8 22. Nc3 a5 23. Nb5 Rd7 24. Ng4 Kg7 25. a3 Nf6 26. b4 Nxg4 27. hxg4 Ra8 28. c5 Ba6 29. c6 Rf7 30. Nc3 Bc4 31. b5 Kf6 32. Kh2 Rh8 33. Rh1 h5 34. Kg1 Rfh7 35. gxh5 Rxh5 36. Rxh5 Rxh5 37. Rb1 g5 38. Nd1 g4 39. fxg4 Rg5 40. Nf2 1/2-1/2

[Event "SVK-ch I/123 corr"]
[Site "Slovakia"]
[Date "1996.??.??"]
[Round "?"]
[White "Gurcik, Jozef"]
[Black "Teuschel, Zdenek"]
[Result "1/2-1/2"]
[WhiteElo "1658"]
[BlackElo "1843"]
[PlyCount "64"]
[EventDate "1996.11.15"]
[EventType "tourn (corr)"]
[EventRounds "12"]
[EventCountry "SVK"]
[SourceTitle "Corr 2008"]
[Source "ChessBase"]
[SourceDate "2008.06.24"]
[SourceVersion "1"]
[SourceVersionDate "2008.06.24"]
[SourceQuality "1"]

1. d4 d5 2. c4 c6 3. Nf3 Nf6 4. Nc3 dxc4 5. a4 Bf5 6. e3 e6 7. Bxc4 Bb4 8. 0-0 0-0 9. Nh4 Nbd7 10. Nxf5 exf5 11. Bd2 Qa5 12. Qc2 Nb6 13. Ba2 g6 14. f3 Kg7 15. Rad1 Bxc3 16. Bxc3 Qxa4 17. Bb3 Qb5 18. e4 Rae8 19. d5 c5 20. Bxf6+ Kxf6 21. Qc3+ Ke7 22. Rfe1 Rd8 23. exf5+ Kd7 24. d6 c4 25. Re7+ Kc8 26. Rc7+ Kb8 27. Bxc4 Nxc4 28. Qxc4 Qb6+ 29. Kf1 Rxd6 30. Rxd6 Qxd6 31. Rxf7 Qd1+ 32. Kf2 Qd2+ 1/2-1/2

[Event "SVK-ch I/123 corr"]
[Site "Slovakia"]
[Date "1996.??.??"]
[Round "?"]
[White "Moravec, Milan"]
[Black "Gurcik, Jozef"]
[Result "1-0"]
[WhiteElo "1662"]
[BlackElo "1658"]
[PlyCount "45"]
[EventDate "1996.11.15"]
[EventType "tourn (corr)"]
[EventRounds "12"]
[EventCountry "SVK"]
[SourceTitle "Corr 2008"]
[Source "ChessBase"]
[SourceDate "2008.06.24"]
[SourceVersion "1"]
[SourceVersionDate "2008.06.24"]
[SourceQuality "1"]

1. d4 g6 2. e4 d6 3. Nc3 Bg7 4. f4 Nf6 5. Nf3 0-0 6. Bd3 Nc6 7. e5 dxe5 8. fxe5 Nd5 9. Nxd5 Qxd5 10. c3 Be6 11. 0-0 b5 12. Qe2 a6 13. Be4 Qd7 14. b3 Rad8 15. Be3 Na5 16. Rad1 c6 17. Qf2 f5 18. Bd3 f4 19. Bc1 Bd5 20. Ba3 Bxf3 21. Qxf3 Rf7 22. Qe4 Bh6 23. e6 1-0

[Event "SVK-ch I/123 corr"]
[Site "Slovakia"]
[Date "1996.??.??"]
[Round "?"]
[White "Skerlik, Vladimir"]
[Black "Gurcik, Jozef"]
[Result "1-0"]
[WhiteElo "1723"]
[BlackElo "1658"]
[PlyCount "69"]
[EventDate "1996.11.15"]
[EventType "tourn (corr)"]
[EventRounds "12"]
[EventCountry "SVK"]
[SourceTitle "Corr 2008"]
[Source "ChessBase"]
[SourceDate "2008.06.24"]
[SourceVersion "1"]
[SourceVersionDate "2008.06.24"]
[SourceQuality "1"]

1. d4 Nf6 2. c4 g6 3. Nc3 Bg7 4. e4 d6 5. h3 c6 6. Be3 Nbd7 7. Nf3 0-0 8. Be2 e5 9. d5 cxd5 10. exd5 a6 11. 0-0 b6 12. b4 Qe7 13. a3 Nh5 14. Ng5 Nf4 15. Nf3 f5 16. Bxf4 exf4 17. Qd2 g5 18. Nd4 Qe5 19. Rad1 a5 20. Ncb5 axb4 21. axb4 Qf6 22. Ne6 Rf7 23. Nxd6 Re7 24. Bd3 Ne5 25. Nxf5 Rxe6 26. dxe6 Bxe6 27. Nxg7 Kxg7 28. Rfe1 Rc8 29. Qe2 Nxd3 30. Qxe6 Qxe6 31. Rxe6 Nxb4 32. Rxb6 Nc6 33. Rd7+ Kg8 34. Rb5 h6 35. Rc5 1-0